Abraham Lincoln Quotes Quiz Stats

 Plays Quiz Updated Jun 22, 2017

Support Sporcle.
Go Orange.
Score 0/12 Timer 03:00
0 Plays Today
% Correct
Enemy
89.8%
Firm
88.5%
Silent
87.5%
Liar
86.9%
Freedoms
86.8%
Good
85.7%
Happy
81.3%
Succeed
75%
Responsibility
74.7%
Schoolroom
72.1%
Hustle
69.9%
Adversity
67.6%

You're not logged in!

Compare scores with friends on all Sporcle quizzes.
OR
Log In
Forgot?

From the Vault

Science Eights

by strokes_static

8 is such a great number, it's symmetrical on two axes and all that.
Remove Ads.
Support Sporcle.
Get the best of Sporcle when you Go Orange. This ad-free experience offers more features, more stats, and more fun while also helping to support Sporcle. Thank you for becoming a member.

Show Comments

Extras

Top Quizzes Today


Score Distribution

Your Account Isn't Verified!

In order to create a playlist on Sporcle, you need to verify the email address you used during registration. Go to your Sporcle Settings to finish the process.

Report this User

Report this user for behavior that violates our Community Guidelines.

Details: